| Tag |
First Indicator |
Second Indicator |
Subfields |
| LEADER |
00000cam a2200000 a 4500 |
| 001 |
in00000071693 |
| 005 |
20151008062341.0 |
| 008 |
720731s1896 nyu b 00110 engm |
| 010 |
|
|
|a 04003038
|
| 035 |
|
|
|a (OCoLC)00369033
|
| 035 |
|
|
|9 AAK0035AM
|
| 040 |
|
|
|c WSU
|d TXA
|d UtOrBLW
|
| 041 |
1 |
|
|a eng
|a fre
|
| 049 |
|
|
|a TXAM
|c [1654667]
|
| 050 |
0 |
0 |
|a B79
|b .W4 1896
|
| 090 |
|
|
|a B79
|b .W4 1897
|
| 100 |
1 |
|
|a Weber, Alfred,
|d 1835-1914.
|
| 245 |
1 |
0 |
|a History of philosophy /
|c by Alfred Weber ; authorized translation by Frank Thilly from the 5th French ed.
|
| 264 |
|
1 |
|a New York :
|b Scribner,
|c [1896]
|
| 264 |
|
3 |
|c 1897 printing
|
| 264 |
|
4 |
|c ©1896
|
| 300 |
|
|
|a xi, 630 pages ;
|c 21 cm.
|
| 336 |
|
|
|a text
|b txt
|2 rdacontent
|
| 337 |
|
|
|a unmediated
|b n
|2 rdamedia
|
| 338 |
|
|
|a volume
|b nc
|2 rdacarrier
|
| 500 |
|
|
|a Includes index.
|
| 504 |
|
|
|a Bibliography: pages [605]-611.
|
| 650 |
|
0 |
|a Philosophy
|x History.
|
| 999 |
|
|
|a MARS
|
| 999 |
f |
f |
|s 00ad8ca1-2fd9-3997-9d9a-f6bb62ea9b0b
|i 04efc771-2d3c-3a5a-8165-5442cbb21bd6
|t 0
|
| 952 |
f |
f |
|p ric
|a Texas A&M University
|b Rellis Campus
|c Joint Library Facility
|d Remote Storage
|t 0
|e B79 .W4 1897
|h Library of Congress classification
|i unmediated -- volume
|m A14806075830
|
| 998 |
f |
f |
|a B79 .W4 1897
|t 0
|l Remote Storage
|